000 01007nas a2200349 4500
001 BR2015004092
003 BR-BrBNA
005 20231205125523.0
007 ta
008 230509b bl.|||p| |||| 00| 00por d
040 _aBR-BrBNA
_bpor
_cBiblioteca Nacional de Agricultura
041 _a(Pt)
072 _aQ03
100 1 _aMorgano, M.A.
100 1 _aOliveira, A.P.F. de
100 1 _aRabonato, L.C.
100 1 _aMilani, R.F.
100 1 _aVasconcellos, J.P.
100 1 _aMartins, C.N.
100 1 _aCitti, A.L.
100 1 _aTelles, E.O.
100 1 _aBalian, S. de C.
245 1 _aAvaliação de contaminantes inorgânicos (As, Cd, Cr, Hg e Pb)em espécies de peixes
650 _aPEIXE
650 _aPOLUENTE
650 _aMERCURIO
650 _aCHUMBO
650 _aCÁDMIO
773 0 _tRevista do Instituto Adolfo Lutz (Brazil)
_xISSN 0073-9855
_g(Oct-Dec 2011), v. 70(4) p. 497-506
_wBR2015004092
909 _a202311
_bLúcia
_c55
_dLúcia Elande
942 _2AGRIS
_n0
_cANA
999 _c244761
_d244761